|
|
|
|
| LEADER |
00823 a2200217 4500 |
| 005 |
20151026133356.0 |
| 008 |
150306b xxu||||| |||| 00| 0 eng d |
| 020 |
|
|
|a 9780198071198
|
| 080 |
|
|
|a 338.583
|b HAL
|
| 100 |
|
|
|a Haldea, Gajendra
|
| 245 |
|
|
|a Infrastructure at crossroads
|b the challenges of governance
|
| 260 |
|
|
|c 2013
|b Oxford University Press
|a New Delhi
|
| 300 |
|
|
|a xxxi, 263p.
|
| 653 |
|
|
|a Infrastructure (Economics) - India
|
| 653 |
|
|
|a Infrastructure (Economics) - Government policy - India
|
| 653 |
|
|
|a Electric utilities - India
|
| 653 |
|
|
|a Electric utilities - Government policy - India
|
| 653 |
|
|
|a Transportation and state - India
|
| 942 |
|
|
|c BK
|6 _
|
| 999 |
|
|
|c 69525
|d 69525
|
| 952 |
|
|
|0 0
|1 0
|2 udc
|4 0
|6 338583_HAL
|7 0
|9 81671
|a UL
|b UL
|d 2015-01-21
|g 0.00
|o 338.583 HAL
|p 00072281
|r 2015-02-06
|v 0.00
|w 2015-01-21
|y BK
|